000 01031naa a2200205 4500
001 2162214035925935
003 UA-OsUOA
005 20250425134936.0
008 250425b un ||||| |||| 00| 0 ukr d
040 _aUA-OsUOA
_bukr
_cUA-OsUOA
_dUA-OsUOA
041 _aukr
080 _a908
090 _a908
100 _aХеленюк А.
_919936
245 _aВнесок зарубіжних українців у формування художнього фонду Музею історії Національного університету "Острозька академія" та популяризацію творчості митців діаспори
_cАнастасія Хеленюк
300 _aС. 214–219
650 _2UDC
773 0 _0443554
_9451118
_dВид-во НаУОА 2015 Острог
_o162202
_tНаукові записки Національного університету "Острозька академія". Серія "Історичні науки"
_x24096806
942 _2udc
_cBKA
999 _c578604
_d578604